LIBRARY & INFORMATION CENTRE, KCAET, TAVANUR

ONLINE PUBLIC ACCESS CATALOGUE (OPAC)

Normal view MARC view
  • Varade, M.R

Entry Personal Name

Number of records used in: 1

001 - CONTROL NUMBER

  • control field: 358

003 - CONTROL NUMBER IDENTIFIER

  • control field: OSt

005 - DATE AND TIME OF LATEST TRANSACTION

  • control field: 20160610112434.0

008 - FIXED-LENGTH DATA ELEMENTS

  • fixed length control field: 160610|| aca||aabn | a|a d

040 ## - CATALOGING SOURCE

  • Original cataloging agency: OSt
  • Transcribing agency: OSt

100 ## - HEADING--PERSONAL NAME

  • Personal name: Varade, M.R

670 ## - SOURCE DATA FOUND

  • Source citation: Work cat.: (OSt)14266: Varade, M.R Joshi, G.B, Operations Research For Management And Finance With Logical Reasoning, 2011
free website counter